| 000 -LEADER |
| fixed length control field |
00516nam a22001817a 4500 |
| 008 - FIXED-LENGTH DATA ELEMENTS--GENERAL INFORMATION |
| fixed length control field |
140521b xxu||||| |||| 00| 0 ger d |
| 020 ## - INTERNATIONAL STANDARD BOOK NUMBER |
| International Standard Book Number |
3486207113 |
| 041 0# - LANGUAGE CODE |
| Language code of text/sound track or separate title |
ger |
| 080 ## - UNIVERSAL DECIMAL CLASSIFICATION NUMBER |
| Universal Decimal Classification number |
510.6 |
| 100 ## - Rafti |
| Rafti |
Kaaz, M. Albert. |
| 245 ## - TITLE STATEMENT |
| Title |
Elemente der mathematischen Logik : |
| Statement of responsibility, etc |
von M. Albert Kaaz. |
| 260 ## - |
| -- |
München : |
| -- |
Oldenbourg, |
| -- |
1977. |
| 300 ## - |
| -- |
243 f.: |
| -- |
me il.; |
| -- |
24 cm. |
| 500 ## - |
| -- |
Vorwort: [5[-7 |
| 650 #0 - |
| -- |
Matematika |
| 650 #0 - |
| -- |
Logjika |
| 942 ## - ADDED ENTRY ELEMENTS (KOHA) |
| Source of classification or shelving scheme |
|
| Item type |
Books |